书目信息 |
| 题名: |
大提琴教程
|
|
| 作者: | 王连三 , 宋涛 编 | |
| 分册: | 第一册 乐曲分集 | |
| 出版信息: | 北京 人民音乐出版社 1990 |
|
| 页数: | 139页 | |
| 开本: | 31cm | |
| 丛书名: | ||
| 单 册: | ||
| 中图分类: | J622.36 , J657.23 | |
| 科图分类: | ||
| 主题词: | 大提琴--奏法--教材 , 奏法 , 大提琴--器乐曲--世界--选集 , 大提琴 , 器乐曲 | |
| 电子资源: | ||
| ISBN: | 978-7-103-00487-6 | |
| 000 | 00974nam0 2200289 450 | |
| 001 | 0190018095 | |
| 005 | 20070808184231.64 | |
| 010 | @a978-7-103-00487-6@dCNY38.20(含分谱)@z7-103-00487-0 | |
| 100 | @a20060525e20071990em y0chiy0110 ea | |
| 101 | 0 | @achi |
| 102 | @aCN@b110000 | |
| 105 | @ag z 000yy | |
| 200 | 1 | @a大提琴教程@9da ti qin jiao cheng@i乐曲分集@h第一册@f王连三,宋涛编 |
| 210 | @a北京@c人民音乐出版社@d1990@h2007重印 | |
| 215 | @a139页@d31cm | |
| 330 | @a本书内容包括从第一把位至拇指把位课程的中外乐曲共53首。可与本教程练习曲分集的第一册配合使用。其中许多早已广为流传的世界名曲,对于教学、演出、研究、欣赏均有一定的价值。 | |
| 606 | 0 | @a大提琴@x奏法@j教材 |
| 606 | 0 | @a奏法 |
| 606 | 0 | @a大提琴@x器乐曲@y世界@j选集 |
| 606 | 0 | @a大提琴 |
| 606 | 0 | @a器乐曲 |
| 690 | @aJ622.36@v4 | |
| 690 | @aJ657.23@v4 | |
| 701 | 0 | @a王连三@9wang lian san@4编 |
| 701 | 0 | @a宋涛@9song tao@4编 |
| 801 | 0 | @aCN@bNLC@c20070808 |
| 905 | @a10447@dJ622.36@e218:1(1) | |
| 大提琴教程.乐曲分集.第一册/王连三,宋涛编.-北京:人民音乐出版社,1990(2007重印) |
| 139页;31cm |
| ISBN 978-7-103-00487-6:CNY38.20(含分谱) |
| 本书内容包括从第一把位至拇指把位课程的中外乐曲共53首。可与本教程练习曲分集的第一册配合使用。其中许多早已广为流传的世界名曲,对于教学、演出、研究、欣赏均有一定的价值。 |
| ● |
| 相关链接 |
|
|
|
|
正题名:大提琴教程
索取号:J622.36/218:1(1)
 
预约/预借
| 序号 | 登录号 | 条形码 | 馆藏地/架位号 | 状态 | 备注 |
| 1 | 0809816 | 208098164 | 第一样本阅览室/ [索取号:J622.36/218:1(1)] | 在馆 | |
| 2 | 0809817 | 208098173 | 第一借阅区/ [索取号:J622.36/218:1(1)] | 在馆 | |
| 3 | 0809818 | 208098182 | 第一借阅区/ [索取号:J622.36/218:1(1)] | 在馆 | |
| 4 | 0809819 | 208098191 | 第一借阅区/ [索取号:J622.36/218:1(1)] | 在馆 | |
| 5 | 0809997 | 208099975 | 密集书库-音乐系/ [索取号:J622.36/218:1(1)] | 在馆 |